[Event "IOM Open-Masters 2017"]
[Site "Douglas"]
[Date "2017.09.28"]
[Round "6"]
[White "Arjun Kalyan"]
[Black "Shirov, Alexei"]
[Result "1/2-1/2"]
[WhiteElo "2406"]
[BlackElo "2630"]
[Annotator "TA"]
[PlyCount "69"]
[EventDate "2017.??.??"]
[EventType "swiss"]
[EventCountry "GBR"]
[SourceTitle "playchess.com"]
[Source "ChessBase"]
[SourceQuality "1"]

{[%evp 22,69,16,14,19,15,21,23,6,6,10,14,78,42,81,77,77,0,5,0,0,-4,0,0,0,0,0,0,0,0,0,0,0,0,0,0,9,0,12,-6,0,-15,-28,-25,48,48,48,48,48,48]} 1. e4 e5 2. Nf3 Nc6 3. Bb5 a6 4. Ba4 Nf6 5. O-O b5 6. Bb3 Bc5 7. c3 d6 8. d4 Bb6 9. Be3 O-O {C78: Ruy Lopez: Archangelsk and Möller Defences} 10. Nbd2 (10. h3 exd4 11. cxd4 Nxe4 12. Bd5 Qe8 13. Qc2 Nb4 14. Qxe4 Qxe4 15. Bxe4 d5 16. Bxh7+ Kxh7 17. Nc3 {1-0 (43) Harikrishna,P (2766)-Adhiban,B (2653) Wijk aan Zee 2017}) 10... Bg4 11. h3 Bh5 12. Bg5 {LiveBook: 13 Games} Ra7 $146 {[%cal Re5d4]} ({Predecessor:} 12... Na5 13. dxe5 dxe5 14. g4 Bg6 15. Nxe5 Nxb3 16. axb3 Qd6 17. Bf4 Nxe4 18. Nxe4 Qxd1 19. Rfxd1 Bxe4 {½-½ (44) Grandelius,N (2644)-Beliavsky,A (2622) Reykjavik 2015}) 13. g4 Bg6 {[%cal Re5d4]} 14. d5 Nb8 15. Qe2 Nbd7 16. a4 Qb8 (16... h6 $11 {remains equal.} 17. Bh4 Qc8) 17. Bc2 {aiming for a5.} bxa4 18. Bxa4 h6 19. Bxd7 (19. Bh4 $16) 19... Nxd7 $11 20. Be3 a5 21. Ne1 Bxe3 22. Qxe3 Nc5 ({Don't play} 22... Qxb2 $6 23. Rb1 $16) 23. Nd3 Nxd3 24. Qxd3 a4 25. Ra2 Qb6 26. Rfa1 Rfa8 27. Nc4 Qc5 28. Ne3 f6 29. h4 Be8 30. Qc4 Qb6 31. Kh2 Bb5 32. Qb4 Bd3 (32... Qb8 $11) 33. Qxb6 $14 {White is slightly better.} cxb6 34. f3 b5 35. Kg3 {Precision: White = 64%, Black = 56%.} 1/2-1/2

[Event "IOM Open-Masters 2017"]
[Site "Douglas"]
[Date "2017.09.28"]
[Round "6"]
[White "Cornette, Deimante"]
[Black "Maroroa, Sue"]
[Result "1-0"]
[WhiteElo "2404"]
[BlackElo "2083"]
[Annotator "TA"]
[PlyCount "55"]
[EventDate "2017.??.??"]
[EventType "swiss"]
[EventCountry "GBR"]
[SourceTitle "playchess.com"]
[Source "ChessBase"]
[SourceQuality "1"]

{[%evp 16,55,30,0,37,35,75,60,66,66,82,81,96,72,127,103,145,123,159,108,260,267,239,237,244,235,290,299,361,370,357,354,672,679,2600,2486,2589,2293,1406,1408,6040,2216]} 1. e4 e5 2. Nf3 Nc6 3. d4 exd4 4. Nxd4 Bc5 5. Nb3 Bb6 6. Nc3 Nf6 7. Bg5 h6 8. Bh4 d6 {C45: Schottische Partie} 9. f3 {LiveBook: 4 Partien} Be6 10. Bb5 a6 {Weiß steht etwas besser.} 11. Bxc6+ bxc6 12. Qe2 g5 13. Bf2 Bxf2+ 14. Qxf2 {[#]} ({Doch nicht} 14. Kxf2 $6 Nd7 $11) 14... Qb8 $146 ({Besser ist} 14... Nd7) ({Vorgänger:} 14... Qe7 15. O-O-O a5 16. Nd4 Bd7 17. h4 g4 18. Nf5 Qe5 19. f4 Nxe4 20. Nxd6+ Qxd6 21. Nxe4 Qe7 22. Qd4 {1-0 (22) Giri,A (2782)-Fressinet,L (2687) Paris 2016}) 15. O-O-O Qa7 16. Nd4 Qb6 17. Qd2 (17. Qe1 $142) 17... c5 $2 (17... O-O-O $16) 18. Nxe6 $18 fxe6 {[#]} 19. e5 $1 {[%mdl 512]} dxe5 20. h4 g4 21. fxg4 Rb8 {[%csl Gb8][%cal Rb6b2] [#]} 22. b3 $1 Qb4 23. Rhf1 O-O $2 (23... Nd5) 24. Qxh6 {Weiß steht klar auf Gewinn.} Qxc3 25. Qg6+ Kh8 26. Rxf6 {Weiss will mit Dh6+ Matt setzen.} Qa1+ 27. Kd2 {Weiss droht Dh6+ und Matt.} Rbd8+ 28. Ke3 {Precision: Weiß = 77%, Schwarz = 15%.} 1-0

[Event "IOM Open-Masters 2017"]
[Site "Douglas"]
[Date "2017.09.28"]
[Round "6"]
[White "Roberson, Peter T"]
[Black "Mekhitarian, Krikor Sevag"]
[Result "1/2-1/2"]
[WhiteElo "2403"]
[BlackElo "2534"]
[Annotator "TA"]
[PlyCount "91"]
[EventDate "2017.??.??"]
[EventType "swiss"]
[EventCountry "GBR"]
[SourceTitle "playchess.com"]
[Source "ChessBase"]
[SourceQuality "1"]

{[%evp 19,91,25,26,18,18,7,31,22,50,31,17,6,8,6,10,0,0,10,22,-7,0,0,0,0,12,19,29,9,69,0,0,-52,-67,-93,-103,-139,-55,-46,-59,-85,-82,-77,-80,-57,-68,-73,-56,-160,-118,-107,-137,-104,-45,-61,0,-8,-4,-8,-8,-10,0,0,16,16,16,16,28,32,34,28,28,0,80,0]} 1. e4 c5 2. c3 d5 3. exd5 Qxd5 4. d4 Nc6 5. Nf3 Bf5 (5... Nf6 6. Be2 cxd4 7. cxd4 e6 8. O-O Be7 9. Nc3 Qd6 10. Nb5 Qd8 11. Bf4 Nd5 12. Bg3 O-O 13. Bc4 a6 14. Nc3 Nxc3 15. bxc3 b5 16. Bd3 Bb7 17. a4 b4 18. Rb1 Bf6 19. Be4 a5 20. cxb4 axb4 21. Bxc6 {½-½ (21) Zvjaginsev,V (2660)-Moiseenko,A (2692) Berlin 2015}) 6. Be2 {B22: Sicilian: 2 c3} cxd4 7. cxd4 Bxb1 8. Rxb1 e6 9. O-O Nf6 10. b4 {[%cal Bb2b4,Bb4b5][%mdl 32]} Bd6 {LiveBook: 4 Games} 11. b5 Ne7 12. Ne5 Bxe5 13. dxe5 Qxd1 $146 ({Predecessor:} 13... Qxe5) 14. Bxd1 Nfd5 15. Bf3 Kd7 16. Ba3 Rac8 17. Rfd1 Rhd8 18. Rd2 Ke8 19. h3 b6 20. Rb3 Rc4 21. Rbd3 Ra4 22. Bd6 g5 23. Kh2 Rc8 ({Black should play} 23... Rc4 $11) 24. g3 (24. Bd1 $1 $14 Ra5 25. Rf3) 24... Rc3 $11 25. Rxc3 (25. a3 $11) 25... Nxc3 $15 26. Rc2 Nxb5 27. Kg2 Nxd6 (27... Nd5 $17 28. Bh5 Nxd6 29. exd6 Rd4) 28. exd6 Nd5 29. Bxd5 exd5 {[%mdl 4096] Endgame KR-KR} 30. Rc7 Rxa2 31. Re7+ Kd8 32. Rxf7 h6 {Hoping for ...a5.} 33. Rh7 (33. Kf3 $15) 33... b5 34. Rb7 a6 35. Kf3 Rb2 ({Better is} 35... Ra3+ $17 36. Ke2 Rc3) 36. Ra7 Ra2 (36... Rb3+ $15 37. Kg4 Rb1) 37. Ke3 b4 38. Rb7 a5 39. f4 {[%cal Bf2f4,Bf4f5][%mdl 32]} Ra3+ 40. Kd4 Rxg3 41. f5 $1 {[%cal Rf5f6] [#] aiming for f6.} Rf3 (41... Rxh3 42. f6 $14) 42. Ke5 Re3+ $1 (42... Rxh3 43. f6 Re3+ 44. Kxd5 Rd3+ 45. Ke5 Re3+ 46. Kd5 Rd3+ 47. Ke5 Re3+ 48. Kd4 $18) 43. Kxd5 {Threatens to win with f6.} Rd3+ $1 (43... Rxh3 $6 44. f6 $16) 44. Ke5 {[%mdl 1024] f6 is the strong threat. White has compensation.} Re3+ ({Reject} 44... Rxh3 $6 45. f6 $16) 45. Kd5 (45. Kd4 $11 Rf3 46. Ke4) 45... Rd3+ $1 $16 {[#]} ({Of course not} 45... Rxh3 $6 46. f6 $16) 46. Ke5 {Precision: White = 55%, Black = 45%.} (46. Kc5 $1 $16 Rc3+ 47. Kd5 Rd3+) 1/2-1/2

[Event "IOM Open-Masters 2017"]
[Site "Douglas"]
[Date "2017.09.28"]
[Round "6"]
[White "Harsha Bharathakoti"]
[Black "Vidit, Santosh Gujrathi"]
[Result "0-1"]
[WhiteElo "2394"]
[BlackElo "2702"]
[Annotator "TA"]
[PlyCount "84"]
[EventDate "2017.??.??"]
[EventType "swiss"]
[EventCountry "GBR"]
[SourceTitle "playchess.com"]
[Source "ChessBase"]
[SourceQuality "1"]

{[%evp 9,84,1,11,1,4,3,12,0,-5,-12,-16,-40,-37,-41,-38,-40,-43,-67,-74,-77,-61,-54,-63,-100,-62,-57,-18,-101,-104,-88,-97,-89,-89,-95,-95,-97,-95,-187,-175,-166,-156,-243,-212,-233,-204,-242,-180,-224,-234,-276,-287,-287,-287,-287,-286,-287,-287,-285,-273,-284,-283,-303,-289,-300,-300,-285,-274,-314,-314,-411,-411,-400,-400,-400,-385,-377,-374]} 1. c4 e5 2. Nc3 Nf6 3. Nf3 Nc6 4. e3 Bb4 5. Qc2 d6 6. d3 {A28: English Opening: Four Knights Variation} O-O 7. Be2 e4 $146 ({Predecessor:} 7... Ne7 8. O-O Ng6 9. Bd2 c6 10. Rac1 a6 11. Ne4 Bxd2 12. Nexd2 h6 13. Rfd1 Qe7 {0-1 (42) Rodgaard,J (2383)-L'Ami,E (2610) Dresden 2008}) 8. dxe4 {The position is equal.} Bxc3+ 9. bxc3 Bg4 10. Nd4 Bxe2 11. Nxe2 Ne5 12. O-O Nxc4 13. Rd1 Re8 14. Ng3 Qd7 15. f3 Rad8 16. Qf2 Qe6 17. Ne2 d5 (17... c6 {with more complications.} 18. Rd4 d5 19. exd5 cxd5 20. Rb1 Qc6) 18. exd5 (18. Nf4 $11 {remains equal.} Qb6 19. Nxd5) 18... Nxe3 $17 ({Of course not} 18... Rxd5 19. Rxd5 Qxd5 20. e4 $11) 19. Bxe3 Qxe3 20. Qxe3 Rxe3 21. Kf2 Rde8 ({Not} 21... Nxd5 22. Nf4 $1 $16 {[%mdl 512]}) 22. Rd2 {[#]} Nxd5 $1 {[%mdl 512]} 23. Rxd5 (23. Rc1 $17 {might work better.}) 23... Rxe2+ {[%mdl 4096] Endgame KRR-KRR} 24. Kg3 Rc2 25. Rd3 (25. Rc5 $17) 25... h6 26. a4 Re6 27. Kh3 Rg6 28. g4 {[#]} Rc6 $1 29. Ra3 a5 30. Kg3 g6 {[%cal Bg7g6,Bg6g5][%mdl 32]} 31. h4 b6 32. Kh3 g5 33. Kg3 Kg7 34. Re3 Rd6 {Strongly threatening ...Rdd2.} 35. hxg5 hxg5 36. f4 gxf4+ 37. Kxf4 Rg2 38. Kf3 Rdd2 39. Re7 Rdf2+ {Black is winning.} 40. Ke3 Re2+ 41. Kf3 Rxe7 42. Kxg2 Re4 {Precision: White = 43%, Black = 78%.} 0-1

[Event "IOM Open-Masters 2017"]
[Site "Douglas"]
[Date "2017.09.28"]
[Round "6"]
[White "Houska, Jovanka"]
[Black "Harika, Dronavalli"]
[Result "0-1"]
[WhiteElo "2393"]
[BlackElo "2528"]
[Annotator "TA"]
[PlyCount "86"]
[EventDate "2017.??.??"]
[EventType "swiss"]
[EventCountry "GBR"]
[SourceTitle "playchess.com"]
[Source "ChessBase"]
[SourceQuality "1"]

{[%evp 23,86,-65,-63,-66,-55,-64,-54,-60,-65,-71,-30,-75,-67,-82,-57,-66,-75,-73,-54,-91,-80,-106,-52,-62,-68,-90,-47,-50,-54,-91,-41,-139,-43,-224,-178,-370,-365,-477,-405,-581,-593,-679,-689,-686,-695,-616,-373,-372,-316,-518,-534,-514,-527,-492,-525,-503,-493,-1167,-1151,-1193,-1151,-1625,-1492,-1157,-1126]} 1. d4 Nf6 2. Nf3 e6 3. c4 d5 4. Nc3 c6 5. e3 Nbd7 6. Qc2 Bd6 7. Bd3 O-O 8. O-O dxc4 9. Bxc4 Qe7 10. Rd1 e5 11. h3 e4 {D46: Semi-Slav: 5 e3 Nbd7 6 Bd3, Black avoids the Meran} 12. Nd2 Nb6 {LiveBook: 4 Games} 13. Bf1 {[%cal Rc3e4]} (13. a4 Bf5 14. a5 Nbd5 15. Qb3 Nb4 16. Na2 Nfd5 17. Nxb4 Nxb4 18. Nf1 Qg5 19. Kh1 {0-1 (29) Svane,R (2555)-Adly,A (2599) Doha 2016}) 13... Re8 $1 {Black is slightly better.} 14. b3 Bb8 $146 ({Predecessor:} 14... Bf5 15. Nc4 Bc7 16. Ba3 Qd8 17. Nxb6 axb6 18. Bb4 Nd5 19. Nxd5 cxd5 {½-½ (45) Thuesen,M (2267)-Oland,A (1955) Helsingor 2013}) 15. Nc4 Nfd5 16. Ba3 Qe6 17. Ne2 Qg6 18. Kh1 Bf5 19. Qd2 Bc7 20. Rac1 h5 {[%cal Bh7h5,Bh5h4][%mdl 32]} 21. Bb2 h4 ({Much weaker is} 21... Nxc4 $6 22. bxc4 Qd6 23. g3 $11) 22. a4 a5 (22... Nxc4 $1 $17 23. bxc4 Qd6) 23. Ba3 $15 Qf6 24. Nxb6 Nxb6 25. Nc3 Rad8 {[%cal Ba8d8,Bd8d5,Bd5g5][%mdl 32]} 26. Qe2 Bg6 27. Kg1 {[#]} (27. Rd2 $15) 27... Bb8 ({Better is} 27... Nd5 $1 $17 28. Nxd5 Rxd5) 28. Bc5 $2 {[#]} ({White should play} 28. Qe1 $15) 28... Nd5 $1 $40 {[%mdl 128] Black wants a kill.} 29. Nxd5 $2 (29. Ba3) 29... Rxd5 30. Qe1 Qd8 31. Rd2 (31. Bc4 {was worth a try.} Rg5 32. d5 cxd5 33. Kf1) 31... Rg5 32. Kh1 Qc7 {[%csl Gb8][%cal Rc7h2]} 33. f4 {Threatens to win with g4.} exf3 $1 34. gxf3 Rf5 35. d5 Rxd5 36. Rg2 $2 (36. f4 Be4+ 37. Kg1) 36... b6 {Black is clearly winning.} 37. Ba3 {[#]} Rg5 $1 {[%mdl 512]} 38. f4 (38. Rxg5 Qh2#) 38... Be4 {aiming for ...Rg3.} 39. Qxh4 Rg6 {...Qd7 is the strong threat.} 40. Bb2 (40. Rd1 $142 Qc8 41. Kh2 Bxg2 42. Bxg2) 40... Qd7 {White must now prevent ...Qd2.} 41. Bd4 c5 42. Bc3 Bxg2+ 43. Bxg2 Rxe3 {Precision: White = 27%, Black = 63%.} 0-1

[Event "IOM Open-Masters 2017"]
[Site "Douglas"]
[Date "2017.09.28"]
[Round "6"]
[White "Karavade, Eesha"]
[Black "Perelshteyn, Eugene"]
[Result "0-1"]
[WhiteElo "2384"]
[BlackElo "2524"]
[Annotator "TA"]
[PlyCount "92"]
[EventDate "2017.??.??"]
[EventType "swiss"]
[EventCountry "GBR"]
[SourceTitle "playchess.com"]
[Source "ChessBase"]
[SourceQuality "1"]

{[%evp 9,92,36,33,37,45,38,45,43,69,12,20,9,8,4,7,0,0,0,0,-16,11,-20,0,-13,0,-14,-14,-12,-11,-11,-7,-12,-10,-41,-8,-10,0,-12,-10,-11,0,0,0,-39,-41,-36,-39,-70,-71,-71,-68,-72,-68,-72,-62,-55,-60,-61,-65,-74,-69,-116,-116,-130,-118,-117,-118,-256,-241,-459,-431,-29966,-29967,-29967,-29970,-29967,-5181,-29977,-29979,-29979,-29980,-29979,-29980,-29979,-29977]} 1. e4 c5 2. Nf3 g6 3. d4 Bg7 4. dxc5 Nf6 (4... Qa5+ 5. c3 Qxc5 6. Na3 Qa5 7. Qd5 Qxd5 8. exd5 Nf6 9. d6 e6 10. Nb5 Na6 11. a4 O-O 12. a5 b6 13. Be2 Bb7 {½-½ (26) Dominguez Perez,L (2754)-Van Wely,L (2672) Wijk aan Zee 2014}) 5. e5 Ng4 $1 6. Qd4 {B27: Sicilian: 2 Nf3, unusual Black 2nd moves} h5 7. Bb5 {h3 is the strong threat.} a6 $146 ({Predecessor:} 7... O-O 8. O-O d6 9. cxd6 exd6 10. Qxd6 Nxe5 11. Qxd8 Nxf3+ 12. gxf3 Rxd8 {½-½ (24) Al Sayed,M (2374)-Al Modiahki,M (2490) Teheran 2001}) 8. Ba4 $1 {Black must now prevent h3.White is slightly better.} O-O 9. O-O (9. Nc3 $14) 9... d6 $1 $11 {[%cal Rg4e5]} 10. cxd6 exd6 11. Nc3 Nxe5 12. Nxe5 Bxe5 13. Qd3 Bf5 14. Qd5 {White wants to play Bh6.} Nd7 15. Be3 (15. Bb3 {looks sharper.} Qc7 16. Qf3 Rfe8 17. Bf4 Bxc3 18. Qxc3 Qxc3 19. bxc3 Nc5 20. Rfe1) 15... Nf6 16. Qd2 Rc8 {[%cal Ba8c8,Bc8c4,Bc4d4][%mdl 32]} (16... b5 $5 17. Bb3 $8 a5 $11) 17. Bd4 Rc4 18. Bxe5 dxe5 19. Qxd8 Rxd8 20. Bb3 Rcd4 21. Rfe1 Rd2 22. Rac1 e4 23. h3 h4 24. Rcd1 Kf8 25. Rxd2 Rxd2 26. Rd1 (26. Kf1 {with more complications.} g5 27. a4 Rd7 28. a5 Rd8 29. Ke2) 26... Rxd1+ 27. Nxd1 $15 {[%mdl 4096] Endgame KBN-KBN} Ke7 28. Kf1 Be6 29. Nc3 Bxb3 30. axb3 $17 {KN-KN} Kd6 31. Ke2 Ke5 32. Ke3 a5 33. f3 exf3 34. Kxf3 g5 35. Ne2 Ne4 36. Ke3 f5 37. Nc1 {[#]} Nc5 $1 38. Na2 (38. Kf3 $17 {keeps fighting.}) 38... Na6 $19 39. Kf3 $2 {[#]} (39. c3) 39... Nb4 $1 40. Nxb4 (40. Nc3 $19) 40... axb4 {KP-KP} 41. c3 b6 {[%cal Bb7b6,Bb6b5][%mdl 32]} 42. Ke3 g4 43. hxg4 fxg4 {Black mates.} 44. cxb4 b5 45. Kf2 Kd4 46. Ke2 Ke4 {Precision: White = 39%, Black = 79%.} 0-1

[Event "IOM Open-Masters 2017"]
[Site "Douglas"]
[Date "2017.09.28"]
[Round "6"]
[White "Woellermann, Jan"]
[Black "Lubbe, Nikolas"]
[Result "1/2-1/2"]
[WhiteElo "2384"]
[BlackElo "2515"]
[Annotator "TA"]
[PlyCount "52"]
[EventDate "2017.??.??"]
[EventType "swiss"]
[EventCountry "GBR"]
[SourceTitle "playchess.com"]
[Source "ChessBase"]
[SourceQuality "1"]

{[%evp 10,52,23,0,0,-10,27,-29,-20,-27,-13,-12,-14,-7,0,-16,-4,-10,0,0,0,0,0,0,471,429,400,382,382,0,0,0,0,0,0,0,0,0,0,0,0,0,0,0,0]} 1. d4 Nf6 2. c4 e6 3. Nf3 d5 4. g3 dxc4 5. Bg2 Bb4+ 6. Nbd2 b5 {E04: Open Catalan: 5 Nf3} 7. O-O c6 8. a4 ({White should play} 8. b3) 8... O-O {Black has an edge.} (8... a5 9. Qc2 O-O 10. b3 c3 11. Nb1 bxa4 12. bxa4 Bb7 13. Nxc3 c5 14. dxc5 Nbd7 15. Rd1 Qe7 16. Nb5 {½-½ (16) Yu,Y (2749)-Yilmaz,M (2630) Khanty-Mansiysk 2017}) 9. axb5 cxb5 10. Ng5 Nd5 11. e4 $1 {[%cal Re4d5]} Nc7 12. Nxh7 $1 ({Don't play} 12. Qh5 h6 $17) 12... Kxh7 13. e5 Rh8 {[#] White must now prevent ...Nd5.} 14. Bxa8 Nxa8 {[#]} 15. Rxa7 $146 {White wants to mate with Qh5+.} ({Predecessor:} 15. Ne4) 15... Nc7 $1 {Strongly threatening ...Nc6.} 16. Ne4 {Hoping for Bg5.} Qd7 $2 {[%mdl 8192]} (16... Nc6 $11 17. Ng5+ Kg8 18. Nxf7 Qd7 19. Rxc7 Qxc7 20. Nxh8 Kxh8) 17. Qg4 $18 Bf8 18. Nf6+ gxf6 19. Rxc7 $2 {[#]} (19. exf6 $18 Nc6 20. Qh5+ Kg8 21. Qg5+ Kh7 22. Qh5+ Kg8 23. Qg5+ Kh7 24. Qh5+) 19... Qxc7 $11 {The position is equal.} 20. exf6 Nd7 21. Qe4+ Kg8 22. Qg4+ Kh7 23. Qe4+ Kg8 24. Qg4+ Kh7 25. Qe4+ Kg8 26. Qg4+ Kh7 {Precision: White = 68%, Black = 43%.} 1/2-1/2

[Event "IOM Open-Masters 2017"]
[Site "Douglas"]
[Date "2017.09.28"]
[Round "6"]
[White "Arakhamia-Grant, Ketevan"]
[Black "Olafsson, Helgi"]
[Result "0-1"]
[WhiteElo "2369"]
[BlackElo "2512"]
[Annotator "TA"]
[PlyCount "126"]
[EventDate "2017.??.??"]
[EventType "swiss"]
[EventCountry "GBR"]
[SourceTitle "playchess.com"]
[Source "ChessBase"]
[SourceQuality "1"]

{[%evp 20,126,9,17,17,15,20,0,20,28,27,0,0,0,22,7,31,0,0,0,0,0,0,-56,-70,-83,-23,-23,-23,-23,-23,-23,-23,-23,-23,-23,-23,-23,-23,-23,-23,-23,-23,-23,-23,-23,-23,-23,-23,-23,-23,-26,0,-69,0,0,0,0,0,0,0,0,0,0,0,-193,-190,-925,-876,-611,-490,-317,0,-562,-363,-29973,-29974,-29974,-29973,-29969,0,-29971,-29970,-29973,-29973,-29973,-29973,-29973,-29974,-29979,-29980,-29980,-29980,-29980,-29981,-29981,-29982,-29982,-29983,-29983,-29984,-29984,-29985,-29986,-29987,-29988,-29989,-29989,-29990]} 1. e4 c5 2. Nf3 d6 3. d4 cxd4 4. Nxd4 Nf6 5. Nc3 a6 6. Be3 e6 7. f4 b5 8. Qf3 Bb7 9. Bd3 Nbd7 10. g4 Nc5 11. a3 {LiveBook: 4 Games. B82: Sicilian Scheveningen: 6 f4} (11. g5 Nfd7 12. O-O-O Rc8 13. Kb1 Be7 14. h4 O-O 15. h5 f5 16. gxf6 Bxf6 17. Rhg1 Qe7 18. a3 Nxd3 19. cxd3 {0-1 (29) Kantans,T (2513)-Svidler,P (2751) Tallinn 2016}) 11... Be7 12. g5 Nfd7 13. O-O {The position is equal.} O-O (13... g6 {looks sharper.} 14. Rad1 O-O 15. h4 e5 16. fxe5 Nxe5 17. Qg3 Qd7) 14. Qg3 $146 ({Predecessor:} 14. Qh5 Nxd3 15. cxd3 {0-1 (47) Blaszkiewicz,M (1765)-Lewtak,D (1604) Ustron 2008}) 14... Re8 15. b4 Nxd3 16. cxd3 Bf8 17. f5 Rc8 18. Rac1 Ne5 19. g6 hxg6 20. fxe6 fxe6 21. Bg5 (21. Nf3 $11) 21... Qd7 $1 $15 22. Nde2 Nf7 (22... Be7 $17 23. Bxe7 Qxe7) 23. Nf4 $11 d5 {White must now prevent ...dxe4.} 24. Nxg6 dxe4 25. Nxe4 ({Much weaker is} 25. Nxf8 Rxf8 26. Nxe4 Nxg5 $17) 25... Bxe4 26. dxe4 {aiming for Rcd1.} Nxg5 27. Qxg5 Qd4+ 28. Rf2 $1 Rxc1+ 29. Qxc1 {Hoping for Qf4.} Qxe4 30. Nxf8 Rxf8 31. Rxf8+ Kxf8 {[%mdl 4096] Endgame KQ-KQ} 32. Qc8+ Kf7 {Strongly threatening ...Qb1+.} 33. Qxa6 Qe2 34. Qa7+ Kg6 35. Qd4 e5 36. Qd6+ (36. Qd7 $1 $11) 36... Kh7 ({Better is} 36... Kh5 $1 $15) 37. Qd7 e4 38. Qh3+ Kg6 39. Qe6+ Kg5 40. Qe5+ Kh6 41. Qf4+ g5 42. Qf6+ $2 (42. Qf5 $1 $11) 42... Kh5 $19 {Threatens to win with ...Qg4+.} 43. Qf7+ $2 (43. Qa1) 43... Kh4 44. Qh7+ Kg4 45. Qd7+ Kf4 46. Qc7+ $2 {[%mdl 8192] [#]} (46. Qd6+ $1 $11 Ke3 47. Qc5+ Kd2 48. Qd6+ Kc3 49. Qf6+ Kb3 50. Qxg5) 46... Ke3 $1 {( -> ...Qf2+)} 47. Qc5+ $2 {[#]} (47. Qc3+ $19 Qd3 48. Qc5+ Kd2 49. Qf5) 47... Kd2 $1 48. Qd4+ Kc2 49. Qc5+ Kd2 50. Qd4+ Qd3 {Black mates.} 51. Qf2+ Kd1 52. Qf5 Qd4+ 53. Kf1 e3 54. Qb1+ Kd2 55. Qe1+ Kc2 56. Qe2+ Qd2 57. h3 Qxe2+ 58. Kxe2 Kb3 59. Kxe3 Kxa3 60. Ke4 Kxb4 {KPP-KP} 61. Kf5 Kc4 62. Kxg5 b4 {[%cal Bb5b4,Bb4b3][%mdl 32]} 63. h4 b3 {Precision: White = 49%, Black = 72%.} 0-1

[Event "IOM Open-Masters 2017"]
[Site "Douglas"]
[Date "2017.09.28"]
[Round "6"]
[White "Krishna, C R G"]
[Black "Basso, Pier Luigi"]
[Result "1/2-1/2"]
[WhiteElo "2367"]
[BlackElo "2460"]
[Annotator "TA"]
[PlyCount "84"]
[EventDate "2017.??.??"]
[EventType "swiss"]
[EventCountry "GBR"]
[SourceTitle "playchess.com"]
[Source "ChessBase"]
[SourceQuality "1"]

{[%evp 16,84,8,10,19,8,22,20,4,31,1,25,40,5,5,0,0,0,4,-26,0,0,67,73,81,79,70,66,79,78,90,78,79,62,62,62,65,64,65,65,68,46,33,10,7,0,0,0,0,0,0,0,0,0,0,0,0,-8,0,0,0,0,0,0,0,0,0,0,0,0,0]} 1. d4 d5 2. c4 e6 3. Nf3 Nf6 4. g3 Be7 5. Bg2 O-O 6. O-O dxc4 7. Qc2 a6 8. a4 c5 9. dxc5 Bxc5 {E05: Open Catalan: 5 Nf3 Be7} 10. Nbd2 (10. Qxc4 b6 11. Ne5 Ra7 12. Nc3 Bb7 13. Bxb7 Rxb7 14. Bg5 h6 15. Rad1 Qe7 16. Bxf6 Qxf6 17. Nd3 {1-0 (73) Aronian,L (2792)-Topalov,V (2761) Leuven 2016}) 10... b5 11. Ng5 Ra7 12. Nde4 Nxe4 13. Nxe4 Bd4 {[#]} 14. axb5 $146 (14. Ng5 {seems wilder.} g6 15. axb5 axb5 16. Rxa7 Bxa7 17. b3) ({Predecessor:} 14. Ng5 g6 15. axb5 axb5 16. Rxa7 Bxa7 17. Ne4 {½-½ (36) Bogosavljevic,B (2525)-Plenca,J (2422) Belgrade 2017}) 14... axb5 15. Rxa7 $40 {[%mdl 128] White mounts an attack.} Bxa7 16. Bf4 Na6 17. Ra1 Qb6 18. Qc3 Rd8 ({Black should try} 18... f5 $11 19. Be3 Qc7) 19. Be3 $14 Qc7 {[#]} 20. Bxa7 $1 Qxa7 21. Qa5 $1 {[%csl LRb5,LRd8][%cal Ra5d8]} Qc7 {...Qxa5 is the strong threat.} 22. Qxb5 f5 23. Nc3 Qc5 24. Bc6 Rd6 $1 25. Qxc5 ({Don't blunder} 25. Rxa6 $2 Qxb5 26. Bxb5 Bxa6 $19) 25... Nxc5 26. Bb5 Ba6 27. Bxa6 Nxa6 {[%mdl 4096] Endgame KRN-KRN} 28. Ra4 Rc6 29. Nb5 Nc7 {The position is equal.} 30. Na3 c3 31. bxc3 Rxc3 32. Rc4 Rxc4 (32... Nd5 {keeps more tension.} 33. Rxc3 Nxc3 34. Kf1 e5 35. e4 fxe4 36. Nc4 Kf7) 33. Nxc4 $11 {KN-KN} g5 34. f4 g4 35. Kg2 Nd5 36. h3 h5 37. hxg4 hxg4 38. Nd2 Nc3 39. Kf2 Kf7 40. e4 Kf6 41. Ke3 Nd1+ 42. Ke2 $1 Nc3+ {Precision: White = 76%, Black = 66%.} 1/2-1/2